Priznanie k dani z nehnuteľností
Majetkové priznanie k dani z nehnuteľností. Daň z nehnuteľností a opatrenie, ktorým sa ustanovujú vzory daňových priznaní k dani z nehnuteľností. Povinnosť podania priznania. Opravné a dodatočné daňové priznanie. Priznanie za oslobodené nehnuteľnosti. Podanie priznania za oslobodené byty. Oslobodeni...
Uložené v:
| Hlavný autor: | |
|---|---|
| Médium: | Kapitola |
| Jazyk: | Slovak |
| Predmet: | |
| Tagy: |
Žiadne tagy, Buďte prvý, kto otaguje tento záznam!
|
MARC
| LEADER | 00000naa a2200000 4500 | ||
|---|---|---|---|
| 001 | r044310 | ||
| 005 | 20230927070006.3 | ||
| 041 | 0 | |a slo | |
| 044 | |a SK | ||
| 245 | 1 | 0 | |a Priznanie k dani z nehnuteľností |c Irena Bubeníková |
| 520 | |a Majetkové priznanie k dani z nehnuteľností. Daň z nehnuteľností a opatrenie, ktorým sa ustanovujú vzory daňových priznaní k dani z nehnuteľností. Povinnosť podania priznania. Opravné a dodatočné daňové priznanie. Priznanie za oslobodené nehnuteľnosti. Podanie priznania za oslobodené byty. Oslobodenie bytov. Priznanie za spoločné časti a spoločné zariadenia domu. Priznanie za priľahlé pozemky k bytovému domu. Kontrola predložených priznaní. | ||
| 610 | 2 | 0 | |a priznania daňové |
| 610 | 2 | 0 | |a dane z nehnuteľností |
| 610 | 2 | 0 | |a priznania majetkové |
| 610 | 2 | 0 | |a povinnosť daňová |
| 610 | 2 | 0 | |a správa daňová |
| 100 | 1 | |a Bubeníková, Irena | |